Input-output economics

Αποθηκεύτηκε σε:
Λεπτομέρειες βιβλιογραφικής εγγραφής
Κύριος συγγραφέας: Leontief, Wassily W. 1906-
Μορφή: Βιβλίο
Γλώσσα:English
Δημοσίευση: New York : Oxford University Press, 1986
Έκδοση:2nd ed.
Θέματα:
Ετικέτες: Προσθήκη ετικέτας
Δεν υπάρχουν, Καταχωρήστε ετικέτα πρώτοι!

MARC

LEADER 00000pam a2200000 i 4500
001 1/87767
008 970414s1986 eng d
020 |a 0-19-503527-5 
035 |l 10006793 
040 |a GR-MY-UA  |b gre  |e aacr 
041 0 |a eng 
082 0 |a 339.23 
100 1 |a Leontief, Wassily W.  |d 1906- 
245 1 0 |a Input-output economics /  |c Wassily Leontief 
250 |a 2nd ed. 
260 |a New York :   |b Oxford University Press,   |c 1986 
300 |a xii, 436 σ.;  |b εικ.;  |c 25 εκ. 
504 |a Περιέχει βιβλιογραφικές παραπομπές και ευρετήριο 
650 0 0 |a Input-output analysis. 
650 0 0 |a Input-output tables  |z United States. 
852 |a INST  |b LESVOS  |e 19970414  |h 339.23 LEO  |p 005100003809  |q 005100003809  |t BK  |y 0 
909 |a Λ  |b 010254